| 000 | 004020000a22001450004500 | ||
|---|---|---|---|
| 090 |
_aAR _b00676 |
||
| 245 | 1 | 0 | _aRecolección montaje y clasificación de insectos |
| 650 | 1 | 4 |
_aTaxonomía _992343 |
| 650 | 1 | 4 |
_aColecciones de insectos _993819 |
| 650 | 1 | 4 |
_aEntomología _94483 |
| 041 | 0 | _aEspañol | |
| 100 | 1 |
_aValenzuela V., Germán O. _993820 |
|
| 942 | _cARTICULO | ||
| 773 | 1 |
_tPreprint _33 _q1-106 _d1970? |
|
| 999 |
_c9767 _d9767 |
||